000 00409 a2200169 4500
001 001686
003 OSt
005 20211203103213.0
008
082 _a546
_bS24I
100 1 _aSharpe, A. G.
245 1 _aInorganic chemistry
_cby A. G. Sharpe
260 _aNew Delhi
_bPearson Education
_c2010
300 _a702p.
653 _aChemistry, Inorganic
942 _2ddc
_cBK
999 _c48
_d48